| 000 | 00623nam a2200229Ia 4500 | ||
|---|---|---|---|
| 003 | OSt | ||
| 005 | 20230429123045.0 | ||
| 008 | 210423s2003 xx 000 0 und d | ||
| 020 | _a8173714266 | ||
| 040 | _cAL | ||
| 041 | _aeng | ||
| 082 | _a338.1 SANV | ||
| 100 |
_aSANTANIELLO (V);others _995323 |
||
| 245 | _aAgriculture and intellectual property rights | ||
| 260 |
_aHyderabad _bUniversities Press _c2003 |
||
| 300 |
_aix,259 _bPB |
||
| 365 |
_b330 _cINR |
||
| 650 |
_aEconomics _995324 |
||
| 650 |
_aProduction Economics _995325 |
||
| 906 | _aAgriculture ; intellectual ; property ; rights | ||
| 942 |
_2ddc _cBK |
||
| 999 |
_c162816 _d162816 |
||